Teoretické a praktické aspekty zdanenia právnických osôb v Slovenskej republike

Salvato in:
Dettagli Bibliografici
Autore principale: Kušnírová, Jana, 1977-
Ente Autore: Ekonomická univerzita v Bratislave
Altri autori: Schultzová, Anna, Roková, Elena
Natura: Libro
Lingua:slovacco
Pubblicazione: Praha Wolters Kluwer 2016
Edizione:1. vyd.
Soggetti:
Tags: Aggiungi Tag
Nessun Tag, puoi essere il primo ad aggiungerne!!

MARC

LEADER 00000nam a2200000 4500
001 0226621
005 20240502083607.0
020 |a 978-80-7552-490-4 
041 0 |a slo 
044 |a CZ 
245 1 0 |a Teoretické a praktické aspekty zdanenia právnických osôb v Slovenskej republike  |c Jana Kušnírová ; recenzenti: Anna Schultzová, Elena Roková 
250 |a 1. vyd. 
264 1 |a Praha  |b Wolters Kluwer  |c 2016 
300 |a 198 s. [10,9 AH] 
610 2 0 |a zdaňovanie 
610 2 0 |a osoby právnické 
610 2 0 |a dane z príjmov 
610 2 0 |a náklady 
610 2 0 |a náklady daňové 
610 2 0 |a formy podnikov 
610 2 0 |a živnostníci 
610 2 0 |a spoločnosti obchodné 
610 2 0 |a Slovensko 
100 1 |a Kušnírová, Jana, 1977- 
700 1 |a Schultzová, Anna 
700 1 |a Roková, Elena 
710 2 |a Ekonomická univerzita v Bratislave